Christmas Word Ladder Quiz Stats

 Plays Quiz Updated Sep 19, 2018

Score 0/14 Timer 02:00
0 Plays Today
Clue Word % Correct
❄ ____ Claus ❄SANTA
99.8%
❄ Santa ____CLAUS
81.6%
A group of studentsCLASS
67.4%
A wide, sweeping cutSLASH
55.4%
A conflict or confrontationCLASH
54.6%
Type of aquatic rayMANTA
53.9%
One of the 7 Deadly SinsSLOTH
49.9%
Clue Word % Correct
A splashing soundSLOSH
47.4%
Daughter in 'The Sound of Music'MARTA
43.8%
Markets or storesMARTS
37.9%
OrganizesSORTS
31.4%
Masses of carbon particlesSOOTS
27.6%
Kondracke, Zuckerman, and SahlMORTS
26.4%
Old word for true or truthSOOTH
22.9%

You're not logged in!

Compare scores with friends on all Sporcle quizzes.
OR
Log In

Show Comments

Extras

Top Quizzes Today


Score Distribution

Your Account Isn't Verified!

In order to create a playlist on Sporcle, you need to verify the email address you used during registration. Go to your Sporcle Settings to finish the process.

Report this User

Report this user for behavior that violates our Community Guidelines.

Details: